Golden Nuggets No. 4. (Record no. 12016)

000 -LEADER
fixed length control field 00527nam a2200181 a 4500
001 - CONTROL NUMBER
control field :::00009818$&:&@@
003 - CONTROL NUMBER IDENTIFIER
control field OkBaRHE
005 - DATE AND TIME OF LATEST TRANSACTION
control field 20000607103353.0
008 - FIXED-LENGTH DATA ELEMENTS--GENERAL INFORMATION
fixed length control field j 000 0 eng u
040 ## - CATALOGING SOURCE
Transcribing agency
100 1# - MAIN ENTRY--PERSONAL NAME
Personal name The Preacher's Goldmine.
245 10 - TITLE STATEMENT
Title Golden Nuggets No. 4.
260 ## - PUBLICATION, DISTRIBUTION, ETC. (IMPRINT)
Place of publication, distribution, etc Atlanta, GA., :
Name of publisher, distributor, etc The Preacher's Goldmine
Date of publication, distribution, etc nd
300 ## - PHYSICAL DESCRIPTION
Extent 234 p.
650 ## - SUBJECT ADDED ENTRY--TOPICAL TERM
Topical term or geographic name as entry element Sermons
General subdivision American
942 ## - ADDED ENTRY ELEMENTS (KOHA)
Source of classification or shelving scheme
Koha item type Books
Copies
Koha item type Not for loan Source of classification or shelving scheme Price effective from Withdrawn status Shelving location Date last seen Damaged status Full call number Lost status Copy number Barcode Date acquired Permanent Location
Books  2010-04-14 General Stacks2010-04-14 BV 4241 .G6 198182010-04-14RHEMA Bible Training College